The Ancient History of the Egyptians, Carthaginians, Assyrians, Medes and Persians, Grecian and Macedonians.

Gespeichert in:
Bibliographische Detailangaben
1. Verfasser: Rollin, Charles
Format: Buch
Sprache:Englisch
Veröffentlicht: Hartford, Connecticut, USA Silas Andrus & Sons 1847
Ausgabe:Décima quinta edición
Schlagworte:
Tags: Tag hinzufügen
Keine Tags, Fügen Sie den ersten Tag hinzu!

MARC

LEADER 00000nam a2200000 a 4500
001 UCJ8464
003 CL-VaPUC
005 20221022074035.0
008 070124e18470000US |||||||||||||||||eng|d
999 |c 324176  |d 324174 
040 |c Pontificia Universidad Católica de Valparaíso 
082 0 4 |a 909 ROL 1847  |2 21 
100 0 |a Rollin, Charles  |9 517224 
245 1 4 |a The Ancient History of the Egyptians, Carthaginians, Assyrians, Medes and Persians, Grecian and Macedonians. 
250 |a Décima quinta edición 
260 0 3 |a Hartford, Connecticut, USA  |b Silas Andrus & Sons  |c 1847 
300 |a 8 v 
583 |a last modification  |c 20070124 00:00:00  |k Rodrigo Vera 
650 0 |a Historia antigua  |9 267521 
650 7 |a BIOGRAFIAS  |2 CL-VaPUC  |9 504622 
651 0 |a Egipto   |9 268199 
651 0 |a Cartago  |9 320485 
651 7 |a ASIRIA  |2 CL-VaPUC  |9 357602 
651 7 |a BABILONIA  |2 CL-VaPUC  |9 322408 
651 7 |a MEDOS  |2 CL-VaPUC  |9 517225 
651 7 |a PERSAS  |2 CL-VaPUC  |9 517226 
651 0 |a Grecia  |9 265314 
942 |c BK  |2 ddc 
945 |d 20070124 00:00:00  |a rinostro 
952 |0 0  |1 0  |4 0  |6 909_000000000000000_ROL_1847  |7 0  |8 X  |9 404131  |a FDOBUD  |b FDOBUD  |d 2019-11-22  |h v.1  |i 1078356  |o 909 ROL 1847  |p 1078356  |r 2019-11-22  |t 1  |w 2019-11-22  |y BK_X  |k BUD 
952 |0 0  |1 0  |4 0  |6 909_000000000000000_ROL_1847  |7 0  |8 X  |9 404132  |a FDOBUD  |b FDOBUD  |d 2019-11-22  |h v.2  |i 1078364  |o 909 ROL 1847  |p 1078364  |r 2019-11-22  |t 1  |w 2019-11-22  |y BK_X  |k BUD 
952 |0 0  |1 0  |4 0  |6 909_000000000000000_ROL_1847  |7 0  |8 X  |9 404133  |a FDOBUD  |b FDOBUD  |d 2019-11-22  |h v.3  |i 1078372  |o 909 ROL 1847  |p 1078372  |r 2019-11-22  |t 1  |w 2019-11-22  |y BK_X  |k BUD 
952 |0 0  |1 0  |4 0  |6 909_000000000000000_ROL_1847  |7 0  |8 X  |9 404134  |a FDOBUD  |b FDOBUD  |d 2019-11-22  |h v.4  |i 1078380  |o 909 ROL 1847  |p 1078380  |r 2019-11-22  |t 1  |w 2019-11-22  |y BK_X  |k BUD 
952 |0 0  |1 0  |4 0  |6 909_000000000000000_ROL_1847  |7 0  |8 X  |9 404135  |a FDOBUD  |b FDOBUD  |d 2019-11-22  |h v.5  |i 1078399  |o 909 ROL 1847  |p 1078399  |r 2019-11-22  |t 1  |w 2019-11-22  |y BK_X  |k BUD 
952 |0 0  |1 0  |4 0  |6 909_000000000000000_ROL_1847  |7 0  |8 X  |9 404136  |a FDOBUD  |b FDOBUD  |d 2019-11-22  |h v.6  |i 1078402  |o 909 ROL 1847  |p 1078402  |r 2019-11-22  |t 1  |w 2019-11-22  |y BK_X  |k BUD 
952 |0 0  |1 0  |4 0  |6 909_000000000000000_ROL_1847  |7 0  |8 X  |9 404137  |a FDOBUD  |b FDOBUD  |d 2019-11-22  |h v.7  |i 1078410  |o 909 ROL 1847  |p 1078410  |r 2019-11-22  |t 1  |w 2019-11-22  |y BK_X  |k BUD 
952 |0 0  |1 0  |4 0  |6 909_000000000000000_ROL_1847  |7 0  |8 X  |9 404138  |a FDOBUD  |b FDOBUD  |d 2019-11-22  |h v.8  |i 1078429  |o 909 ROL 1847  |p 1078429  |r 2019-11-22  |t 1  |w 2019-11-22  |y BK_X  |k BUD